LEADER 01019nam a2200265 i 4500 001 000000153377 003 CaOOAMICUS 005 20220228115328.0 008 060921s1968 it u000 u ita u 013 $a130719 040 $aSeMil$bita 100 1 $aFeuchtwanger, Lion,$d<1884-1958>.$0(OLS)http://semarc/name/60066 240 10$aJud Süss.$0(OLS)http://semarc/title/438968 245 10$aSüss l'ebreo /$cLion Feuchtwanger ; traduzione dal tedesco di B. Giachetti-Sorteni. 264 1$aMilano :$bDall'Oglio,$cstampa 1968. 300 $a514 p. ;$c19 cm. 541 0 $aFondo Ciprandi (1W I 379) 700 1 $aGiachetti-Sorteni, Bice.$0(OLS)http://semarc/name/60067 850 $aSeMil 852 $aSeMil$W1$xVenegono$y1$m1W I 379$j105319$B105319$CSeMilBibl$Z2$F114540 $81 941 1 $a1 961 $aOmaggio: Ciprandi dott. Paolo 996 $6245$aSüss l'ebreo$9(OLS)http://semarc/title/438969 996 $6264$aMilano :$bDall'Oglio$9(OLS)http://semarc/publisher/30217 LEADER 01373nam a2200241 i 4500 001 000000247170 003 CaOOAMICUS 005 20151218000000.0 008 151218s1859 it u000 u ita u 013 $a226075 040 $aSeMil$bita 100 1 $aGobio, Innocente .$0(OLS)http://semarc/name/15824 245 10$aMemorie intorno alla vita del venerabile Gerolamo Vajano e di altro fratelli conversi della Congregazione de' Chierici regolari barnabiti /$craccolte da Innocente Gobio. 260 $aMilano :$bDitta Boniardi-Pogliani di E. Besozzi,$c1859. 300 $a78 p. ;$c18 cm. 490 0 $aCollezione di vite dei più distinti religiosi della congregazione dei chierici rr. di S. Paolo detti Barnabiti 500 $aLegato con 3J-II-94 FA. 650 4$aBarnabiti.$0(OLS)http://semarc/subject/5154 830 0$aCollezione di vite dei più distinti religiosi della congregazione dei chierici rr. di S. Paolo detti Barnabiti.$0(OLS)http://semarc/title/42697 850 $aSeMil 852 $aSeMil$W1$xVenegono$y1$m3J II 95 FA$j197516$B197516$CSeMilBibl$Z2$F208630 $8I 996 $6245$aMemorie intorno alla vita del venerabile Gerolamo Vajano e di altro fratelli conversi della Congregazione de' Chierici regolari barnabiti$9(OLS)http://semarc/title/349053 996 $6260$aMilano :$bDitta Boniardi-Pogliani di E. Besozzi$9(OLS)http://semarc/publisher/31862 LEADER 01299nam a2200229 i 4500 001 000000027512 003 CaOOAMICUS 005 20201015145223.0 008 180830s16581659gw u000 u lat u 040 $aSeMil$bita 100 1 $aAbelly, Louis ,$c.$0(OLS)http://semarc/name/832 245 10$aMedulla theologica. Ex Sacris Scripturis, Conciliorum pontificumque decretis, et sanctorum Patrum et doctorum placitis, expressa. ... Auctore magistro Ludouico Abelly ... Pars prima [-posterior]. 264 1$aColoniae Agrippinae :$bApud Constantinum Münich,$c1658-1659. 300 $a2 v. ;$c12°. 500 $aLegati insieme i 2 vol. 650 4$aTeologia morale.$0(OLS)http://semarc/subject/91 710 0 $aMünich, Konstantin .$0(OLS)http://semarc/name/12492 774 0 $tPars prima.$w()45312 774 0 $tPars posterior. Complectens ea quĉ ad sacramenta & mores pertinent.$w()216459 996 $6245$aMedulla theologica. Ex Sacris Scripturis, Conciliorum pontificumque decretis, et sanctorum Patrum et doctorum placitis, expressa. ... Auctore magistro Ludouico Abelly ... Pars prima [-posterior]$9(OLS)http://semarc/title/37248 996 $6264$aColoniae Agrippinae :$bApud Constantinum Münich$9(OLS)http://semarc/publisher/56130